000 00762nam a22002417a 4500
999 _c8357
_d8357
003 AR-CdUCM
008 190325b ||||| |||| 00| 0 spa d
040 _aMUNICIPALIDAD PROVINCIAL DEL CUSCO
_cBIBLIOTECA MUNICIPAL DEL CUSCO
082 _a884.5 /
_bP59
100 _aPindaro
_923465
245 _aHimnos Triunfales :
_bCon odas y fragmentos de Anacreonte, Safo y Erina /
260 _aBarcelona :
_bObras Maestras,
_c1954.
300 _a194 paginas ;
_c24 cm.
500 _aPindaro y su Poesia
505 _aContenido: Pindaro -- Anacreonte -- Safo -- Erina
650 _aPoesia
_91598
650 _aLirica
_95909
650 _aGriega
_923466
650 _aLiteratura
_983
700 _aEsclasans, Agustín
_923467
942 _2ddc
_cLIBROS
945 _apjha